| Поле | Инд. | ПП | Название | Значение |
|---|---|---|---|---|
| Тип записи | a | |||
| Библиографический уровень | m | |||
| 001 | Контрольный номер | RU/IS/BASE/580225458 | ||
| 005 | Дата корректировки | 20250430112457.7 | ||
| 020 | c | Цена, тираж | 150 р. | |
| 040 | b | Код языка каталог. | rus | |
| e | Правила каталог. | PSBO | ||
| 041 | 0_ | a | Код языка текста | rus |
| 080 | a | Индекс УДК | 93/94 | |
| 090 | a | Полочн. индекс | Т | |
| x | Авторский знак | З-91 | ||
| 091 | a | Индекс ББК (DOS) | Т3(2)622 | |
| 097 | b | Оператор | *Еж* | |
| b | Оператор | *С* | ||
| 100 | 1_ | a | Автор | Зубарев В. |
| 245 | 10 | a | Заглавие | Снежная кавалерия |
| b | Продолж. заглавия | Лыжные батальоны в Великой Отечественной войне | ||
| 260 | a | Место издания | Тверь | |
| b | Издательство | ООО "СФК-офис" | ||
| c | Дата издания | 2017 | ||
| 300 | a | Объем | 39 с. | |
| 516 | a | Прим. о типе комп. файла/ данных | Текст : непосредственный | |
| 653 | a | Ключевые слова | Великая Отечественная война | |
| a | Ключевые слова | Воины-лыжники | ||
| a | Ключевые слова | Лыжные батальоны | ||
| 655 | 07 | a | Жанр/ форма (устаревшее) | Н |
| 900 | a | Имя макрообъекта | 001-000130601-000000000-0000-0000-03 | |
| 900 | a | Имя макрообъекта | 001-000130601-000000000-0000-0000-00 | |
| 901 | t | Тип документа | m | |
| 905 | a | Дата создания записи | 11.10.18 | |
| 940 | a | ФУСК | ||
| 990 | c | Приоритет заказа (DOS) | д | |
| f | Даты поступлений (DOS) | 21.05.18 | ||
| g | Размещение заказа (DOS) | пожертвование от читателей | ||
| h | N записи в КСУ для Б/У (DOS) | 20/2018 | ||
| j | Количество экземпляров (DOS) | 1 |